000 00635nam a2200229Ia 4500
008 160621s9999 xx 000 0 und d
020 _a0-07-225553-6
050 _aComSc TK 7887
050 _b.H84 2004
100 _aHughes, Adrian W. Kingsley -
245 4 _aThe PC doctor's fix-it-yourself guide /
245 _cAdrian W. Kingsley-Hughes.
260 _aNew York :
260 _bMcGraw-Hill,
260 _c2004
300 _a449 pages :
300 _billustrations ;
300 _c23 cm.
500 _aIncludes index.
650 _aMicrocomputers -- Maintenance and repair.
650 _xMicrocomputers -- Upgrading.
999 _c296119
_d296119